<?xml version="1.0" encoding="UTF-8"?>
<record
    xmlns:xsi="http://www.w3.org/2001/XMLSchema-instance"
    xsi:schemaLocation="http://www.loc.gov/MARC21/slim http://www.loc.gov/standards/marcxml/schema/MARC21slim.xsd"
    xmlns="http://www.loc.gov/MARC21/slim">

  <leader>04374nam a2200289   4500</leader>
  <controlfield tag="003">DO-SdUA</controlfield>
  <controlfield tag="005">20250325145009.0</controlfield>
  <controlfield tag="008">      s2020    dr a|| |||| 0 |a||0|spa d</controlfield>
  <datafield tag="040" ind1=" " ind2=" ">
    <subfield code="a">DO-SdUA</subfield>
    <subfield code="b">spa</subfield>
    <subfield code="c">DO-SdUA</subfield>
  </datafield>
  <datafield tag="041" ind1="0" ind2=" ">
    <subfield code="a">spa</subfield>
  </datafield>
  <datafield tag="092" ind1=" " ind2=" ">
    <subfield code="a">MA-EFD 0026 FCE 2020</subfield>
  </datafield>
  <datafield tag="100" ind1="1" ind2=" ">
    <subfield code="a">Agramont&#xE9;s C&#xE9;spedes, Braulio Eugenio</subfield>
  </datafield>
  <datafield tag="245" ind1="1" ind2="0">
    <subfield code="a">Propuesta para el mejoramiento de las capacidades f&#xED;sicas condicionales, fuerza y velocidad en la clase de educaci&#xF3;n f&#xED;sica en los alumnos de sexto grado, nivel primario del Centro Educativo Profesor Amiama G&#xF3;mez de Azua, Rep&#xFA;blica Dominicana, 2018-2019 /</subfield>
    <subfield code="c">Braulio Eugenio Agramont&#xE9;s C&#xE9;spedes.</subfield>
  </datafield>
  <datafield tag="246" ind1="3" ind2="3">
    <subfield code="a">Propuesta para el mejoramiento de las capacidades f&#xED;sicas condicionales, fuerza y velocidad en la clase de educaci&#xF3;n f&#xED;sica en los alumnos de sexto grado, nivel primario del Centro Educativo Profesor Amiama G&#xF3;mez, Distrito Educativo 03-01, Azua, Rep&#xFA;blica Dominicana, 2018-2019.</subfield>
  </datafield>
  <datafield tag="260" ind1=" " ind2=" ">
    <subfield code="a">San Juan de la Maguana :</subfield>
    <subfield code="b">UASD,</subfield>
    <subfield code="c">2020.</subfield>
  </datafield>
  <datafield tag="300" ind1=" " ind2=" ">
    <subfield code="a">57 h. :</subfield>
    <subfield code="b">il.</subfield>
  </datafield>
  <datafield tag="502" ind1=" " ind2=" ">
    <subfield code="a">Tesis y trabajo de grado (Maestr&#xED;a en Educaci&#xF3;n F&#xED;sica y el Deporte)--Universidad Aut&#xF3;noma de Santo Domingo, San Juan de la Maguana, 2020.</subfield>
  </datafield>
  <datafield tag="504" ind1=" " ind2=" ">
    <subfield code="a">Incluye referencias bibliogr&#xE1;ficas y anexos.</subfield>
  </datafield>
  <datafield tag="520" ind1="3" ind2=" ">
    <subfield code="a">El objetivo general de esta investigaci&#xF3;n fue implementar una propuesta en la clase de educaci&#xF3;n f&#xED;sica que contribuya al mejoramiento de las capacidades f&#xED;sicas condicionales fuerza y velocidad en los alumnos de sexto grado del nivel primario del Centro Educativo Profesor Amiama G&#xF3;mez. Esta investigaci&#xF3;n es de enfoque cuantitativo, de dise&#xF1;o no experimental. Se utilizaron las t&#xE9;cnicas de la observaci&#xF3;n y la revisi&#xF3;n documental, y como instrumento se utiliz&#xF3; un test estandarizado. La poblaci&#xF3;n estuvo conformada por 1 maestro de educaci&#xF3;n f&#xED;sica y 38 estudiantes del sexto grado del Centro Educativo Profesor Amiama G&#xF3;mez, de donde se seleccion&#xF3; la poblaci&#xF3;n total como muestra. Se concluye que en lo concerniente a la sistematizaci&#xF3;n de los referentes te&#xF3;ricos de las capacidades f&#xED;sicas condicionales fuerza y velocidad, se abord&#xF3; en todo el transcurso del proceso de investigaci&#xF3;n sobre los diversos constructos te&#xF3;ricos y los diferentes aportes de investigaciones previas, siendo estas las bases para cimentar los conocimientos sobre las capacidades f&#xED;sicas condicionales fuerza y velocidad. Se aplicaron diferentes pruebas a estos estudiantes para determinar el grado de conocimientos tanto te&#xF3;ricos, as&#xED; como tambi&#xE9;n, la capacidad de estos al momento de realizar una actividad f&#xED;sica que en forma directa requiera la ejecuci&#xF3;n de acciones en las que de una forma u otra intervengan las capacidades f&#xED;sicas condicionales fuerza y velocidad. Se tomaron en consideraci&#xF3;n los diferentes factores como factibilidad de la propuesta para ser aplicada en la clase de educaci&#xF3;n f&#xED;sica, los diferentes test que contribuyen a diagnosticar la capacidad de los alumnos al realizar las actividades f&#xED;sicas, la fiabilidad, viabilidad de la propuesta y contenidos. En la realizaci&#xF3;n de las pruebas por sexo, las alumnas lograron un umbral de eficiencia mayor que los alumnos, el 47% de estas alcanzaron un rendimiento positivo en la ejecuci&#xF3;n de actividades en la que intervino la capacidad f&#xED;sica fuerza. Las alumnas tambi&#xE9;n mostraron un rendimiento favorable por encima de los alumnos al realizar las actividades que incluyen la capacidad f&#xED;sica velocidad. Se recomend&#xF3; realizar con mayor frecuencia pruebas diagn&#xF3;sticas que contribuyan a identificar las debilidades de los alumnos al realizar actividades f&#xED;sicas que involucren las capacidades f&#xED;sicas condicionales fuerza y velocidad. Programar oportunamente actividades que fortalezcan las capacidades f&#xED;sicas condicionales. Impartir cursos sobre las capacidades f&#xED;sicas condicionales. Dar mayor importancia a los contenidos curriculares que hacen referencia a los diferentes t&#xF3;picos de las capacidades f&#xED;sicas condicionales.</subfield>
  </datafield>
  <datafield tag="530" ind1=" " ind2=" ">
    <subfield code="a">Tambi&#xE9;n disponible en CD-ROM (CD MA-EFD 0026 FCE 2020).</subfield>
  </datafield>
  <datafield tag="650" ind1=" " ind2="7">
    <subfield code="2">lemb</subfield>
    <subfield code="9">52360</subfield>
    <subfield code="a">Aptitudes f&#xED;sicas</subfield>
    <subfield code="x">Pruebas</subfield>
  </datafield>
  <datafield tag="650" ind1=" " ind2="7">
    <subfield code="2">lemb</subfield>
    <subfield code="9">11768</subfield>
    <subfield code="a">Entrenamiento atl&#xE9;tico</subfield>
  </datafield>
  <datafield tag="650" ind1=" " ind2="7">
    <subfield code="2">lemb</subfield>
    <subfield code="9">10542</subfield>
    <subfield code="a">Educaci&#xF3;n primaria</subfield>
  </datafield>
  <datafield tag="651" ind1=" " ind2="7">
    <subfield code="9">56434</subfield>
    <subfield code="a">San Juan de la Maguana </subfield>
    <subfield code="y">2018-2019</subfield>
  </datafield>
  <datafield tag="830" ind1=" " ind2=" ">
    <subfield code="a">Tesis y disertaciones acad&#xE9;micas (Universidad Aut&#xF3;noma de Santo Domingo)</subfield>
  </datafield>
  <datafield tag="942" ind1=" " ind2=" ">
    <subfield code="2">cl</subfield>
    <subfield code="c">T</subfield>
    <subfield code="n">0</subfield>
  </datafield>
  <datafield tag="999" ind1=" " ind2=" ">
    <subfield code="c">12610</subfield>
    <subfield code="d">12610</subfield>
  </datafield>
  <datafield tag="952" ind1=" " ind2=" ">
    <subfield code="0">0</subfield>
    <subfield code="1">0</subfield>
    <subfield code="2">ddc</subfield>
    <subfield code="4">0</subfield>
    <subfield code="7">0</subfield>
    <subfield code="a">RII</subfield>
    <subfield code="b">RII</subfield>
    <subfield code="d">2025-03-25</subfield>
    <subfield code="l">0</subfield>
    <subfield code="r">2025-03-25 14:50:00</subfield>
    <subfield code="w">2025-03-25</subfield>
    <subfield code="y">TED</subfield>
  </datafield>
</record>
